| 000 -CABECERA |
| Longitud fija campo de control |
01637cam a2200433 a 4500 |
| 001 - NÚMERO DE CONTROL |
| Número de control |
991029440909706706 |
| 003 - IDENTIFICADOR DEL NÚMERO DE CONTROL |
| Identificador del número de control |
OSt |
| 005 - FECHA Y HORA DE LA ÚLTIMA TRANSACCIÓN |
| Fecha y hora de la última transacción |
20211210115913.0 |
| 008 - CÓDIGOS DE INFORMACIÓN DE LONGITUD FIJA |
| Códigos de información de longitud fija |
990126s1973 fr |||||| |001 ||spa|c |
| 035 ## - NÚMERO DE CONTROL DEL SISTEMA |
| Número de control del sistema |
(ES-BaCBU)b1771400x-34csuc_network |
| 035 ## - NÚMERO DE CONTROL DEL SISTEMA |
| Número de control del sistema |
(ES-BaCBU).b1771400x |
| 035 ## - NÚMERO DE CONTROL DEL SISTEMA |
| Número de control del sistema |
(ccuc001)b1771400x |
| 035 ## - NÚMERO DE CONTROL DEL SISTEMA |
| Número de control del sistema |
(OCoLC)805628362 |
| 040 ## - FUENTE DE LA CATALOGACIÓN |
| Centro catalogador de origen |
ES-BaCBU |
| Lengua de catalogación |
cat |
| Centro transcriptor |
CDMR |
| 043 ## - CÓDIGO DE ÁREA GEOGRÁFICA |
| Código de área geográfica |
e-sp--- |
| 080 ## - NÚMERO DE LA CLASIFICACIÓN DECIMAL UNIVERSAL |
| Número de la Clasificación Decimal Universal |
94(460)"193" |
| 080 ## - NÚMERO DE LA CLASIFICACIÓN DECIMAL UNIVERSAL |
| Número de la Clasificación Decimal Universal |
32(460)"1939/1975" |
| 080 ## - NÚMERO DE LA CLASIFICACIÓN DECIMAL UNIVERSAL |
| Número de la Clasificación Decimal Universal |
07(46)(Mad)"1960-1973" |
| 080 ## - NÚMERO DE LA CLASIFICACIÓN DECIMAL UNIVERSAL |
| Número de la Clasificación Decimal Universal |
946.0"1960/1973" |
| 080 ## - NÚMERO DE LA CLASIFICACIÓN DECIMAL UNIVERSAL |
| Número de la Clasificación Decimal Universal |
946.0"1966/1971" |
| 090 ## - CAMPOS LOCALES |
| Número de clasificación (OCLC) ; Número de clasificación,LLAMADA (RLIN) |
DP270 |
| Signatura local (OCLC) ; Signatura sin dividir, número de libro, CALL (RLIN) |
.C35 1973 |
| 100 1# - PUNTO DE ACCESO PRINCIPAL-NOMBRE DE PERSONA |
| Nombre de persona |
Calvo Serer, Rafael, |
| 245 13 - MENCIÓN DE TÍTULO |
| Título |
La Dictadura de los franquistas / |
| Mención de responsabilidad, etc. |
Rafael Calvo Serer |
| 260 ## - PUBLICACIÓN, DISTRIBUCIÓN, ETC. (PIE DE IMPRENTA) |
| Lugar de publicación, distribución, etc. |
[Paris : |
| Nombre del editor, distribuidor, etc. |
el autor], |
| Fecha de publicación, distribución, etc. |
1973 |
| 300 ## - DESCRIPCIÓN FÍSICA |
| Extensión |
2 vol. ; |
| Dimensiones |
23 cm |
| 500 ## - NOTA GENERAL |
| Nota general |
Es complementa amb: Franco frente al Rey : el proceso del Régimen / Rafael Calvo Serer |
| 500 ## - NOTA GENERAL |
| Nota general |
Es complementa amb: El Régimen de Franco : personajes, fuerzas e instituciones / Rafael Calvo Serer |
| 504 ## - NOTA DE BIBLIOGRAFÍA, ETC |
| Nota de bibliografía, etc. |
Notes. Cronologia. Índex |
| 505 8# - NOTA DE CONTENIDO CON FORMATO |
| Nota de contenido con formato |
Conté: 1. El "affaire" del "Madrid" y el futuro político -- 2. El Endurecimiento y la salida |
| 630 07 - PUNTO DE ACCESO ADICIONAL DE MATERIA - TÍTULO UNIFORME |
| Título uniforme |
Madrid (Diari) |
| Fuente del encabezamiento o término |
lemac |
| 650 #4 - PUNTO DE ACCESO ADICIONAL DE MATERIA - TÉRMINO DE MATERIA |
| Término de materia o nombre geográfico como elemento inicial |
Premsa i política |
| Subdivisión geográfica |
Espanya |
| Subdivisión de materia general |
Història |
| Subdivisión cronológica |
1939-1975 |
| 650 #4 - PUNTO DE ACCESO ADICIONAL DE MATERIA - TÉRMINO DE MATERIA |
| Término de materia o nombre geográfico como elemento inicial |
Premsa |
| Subdivisión geográfica |
Espanya |
| Subdivisión de materia general |
Història |
| Subdivisión cronológica |
1939-1975 |
| 740 3# - PUNTO DE ACCESO ADICIONAL - TÍTULO RELACIONADO O ANALÍTICO NO CONTROLADO |
| Título relacionado o analítico no controlado |
El "affaire" del "Madrid" y el futuro político |
| 830 #0 - PUNTO DE ACCESO ADICIONAL DE SERIE - TÍTULO UNIFORME |
| Título uniforme |
España desde 1939 ; |
| Designación de volumen o secuencia |
2 |
| 907 ## - ELEMENTO G DATOS LOCALES, GDL (RLIN) |
| a |
.b1771400x |
| b |
22-06-21 |
| c |
07-05-08 |
| d |
26-01-99 |
| e |
m |
| f |
a |
| g |
- |
| h |
spa |
| i |
fr |
| j |
3 |
| k |
1 |
| 908 ## - CONTROL DE PARÁMETROS (RLIN) |
| Parametro de comando lanzado |
UAB |
| -- |
UB |
| -- |
UdL |
| -- |
UPF |
| -- |
URL |
| -- |
BPEB |
| -- |
UdG |
| -- |
CLR |
| -- |
GEPA |
| -- |
ANC |
| -- |
URV |
| -- |
UJI |
| -- |
BMON |
| -- |
BPC |
| -- |
MACBA |
| 940 ## - |
| Fecha del tratado firmado |
UB |
| 942 ## - ENTRADA DE ELEMENTOS AGREGADOS (KOHA) |
| Fuente de clasificaión o esquema |
|
| Koha [por defecto] tipo de item |
Monografies |